Southville International School and Colleges
Your cart is empty.
  • Cart
  • Lists
    Public lists Eva Luna New books Lux_list list_1
    Your lists Log in to create your own lists
  • Log in to your account
  • Your cookies
  • Search history
Southville International School and Colleges
  • Advanced search
  • Recent comments
  • Most popular
  • Libraries

Log in to your account

Log in with GOOGLE


If you do not have an external account, but do have a local account, you can still log in:

  1. Home
  2. MARC view: Human communication :
Normal view MARC view ISBD view

Human communication : (Record no. 23162)

[ view plain ]
MARC details
000 -LEADER
fixed length control field 00554nam a2200205 a 4500
005 - DATE AND TIME OF LATEST TRANSACTION
control field 20140310183443.0
008 - FIXED-LENGTH DATA ELEMENTS--GENERAL INFORMATION
fixed length control field 080728s19uu xx 00 eng d
020 ## - INTERNATIONAL STANDARD BOOK NUMBER
International Standard Book Number 97800071283632
050 ## - LIBRARY OF CONGRESS CALL NUMBER
Classification number P 90
Item number .T78 2008
100 ## - MAIN ENTRY--PERSONAL NAME
Personal name Tubbs, Stewart
245 ## - TITLE STATEMENT
Title Human communication :
Remainder of title principles and contexts /
250 ## - EDITION STATEMENT
Edition statement 11th ed.
260 ## - PUBLICATION, DISTRIBUTION, ETC. (IMPRINT)
Place of publication, distribution, etc Boston :
Name of publisher, distributor, etc McGraw-Hill,
Date of publication, distribution, etc 2008.
300 ## - PHYSICAL DESCRIPTION
Extent 553 p. :
Dimensions 24 cm.
650 ## - SUBJECT ADDED ENTRY--TOPICAL TERM
Topical term or geographic name as entry element Mass communication books.
650 ## - SUBJECT ADDED ENTRY--TOPICAL TERM
Topical term or geographic name as entry element Communication.
700 ## - ADDED ENTRY--PERSONAL NAME
Personal name Moss, Sylvia
942 ## - ADDED ENTRY ELEMENTS (KOHA)
Koha item type Books
Source of classification or shelving scheme Library of Congress Classification
Call number prefix Foreign
Holdings
Withdrawn status Lost status Source of classification or shelving scheme Damaged status Home library Current library Shelving location Date acquired Source of acquisition Total Checkouts Full call number Barcode Date last seen Date checked out Copy number Price effective from Koha item type
    Library of Congress Classification   College Library College Library General Circulation Section 07/28/2008 Donation 1 P 90 .T78 2008 C9718 09/11/2023 09/08/2023 1 10/18/2013 Books

Human communication :

APA

Tubbs S., Moss S., . (2008). Human communication. Boston: McGraw-Hill.

Chicago

Tubbs Stewart, Moss Sylvia, . 2008. Human communication. Boston: McGraw-Hill.

Harvard

Tubbs S., Moss S., . (2008). Human communication. Boston: McGraw-Hill.

MLA

Tubbs Stewart, Moss Sylvia, . Human communication. Boston: McGraw-Hill. 2008.

  • Place hold
  • Print
  • Cite
  • Add to your cart (remove)
  • Save record
    BIBTEX Dublin Core MARCXML MARC (non-Unicode/MARC-8) MARC (Unicode/UTF-8) MARC (Unicode/UTF-8, Standard) MODS (XML) RIS
  • More searches
    Search for this title in:
    Other Libraries (WorldCat) Other Databases (Google Scholar) Online Stores (Bookfinder.com) Open Library (openlibrary.org)

Exporting to Dublin Core...

SOUTHVILLE LIBRARY

Southville International School and Colleges Library

1281 Tropical Ave. Cor. Luxembourg St., BF Homes International, Las Pinas City

Tel. No. 8256374 / 252358 Loc. 117/146

Powered by Koha